000 00414nam a2200169Ia 4500
005 20250326130751.0
008 250326s9999 xx 000 0 und d
037 _aTextbook
040 _aFMSL
_beng
_cFMSL
041 _aeng
_2eng
084 _aXM.1 Q1
_qFMSL
100 _aSharma N K
245 0 _aCo-operation
_cSharma N K
260 _c2010
942 _cTB
_hXM.1 Q1
999 _c1284001
_d1284001